| 000 | 00691cam a2200217 4500500 | ||
|---|---|---|---|
| 005 | 20260405004051.0 | ||
| 041 | _afre | ||
| 042 | _adc | ||
| 100 | 1 | 0 |
_aPourriol, Ollivier _eauthor |
| 245 | 0 | 0 | _a"Matrix" et "Truman Show" : le lieu de la révélation |
| 260 | _c2020. | ||
| 500 | _a22 | ||
| 690 | _aAllégorie de la caverne | ||
| 690 | _aCinéma | ||
| 690 | _aPlaton | ||
| 690 | _aRéel | ||
| 690 | _aSociété | ||
| 690 | _aSpectacle | ||
| 786 | 0 | _nPhilosophie magazine - Hors séries | Hors-série - Été 2020 | HS45 | 2020-05-01 | p. 25-25 | 2104-9246 | |
| 856 | 4 | 1 | _uhttps://shs.cairn.info/magazine-philosophie-magazine-2020-hs45-page-25?lang=fr&redirect-ssocas=7080 |
| 999 |
_c2073377 _d2073377 |
||